| 000 | 00820cai a22001935a 4500 | ||
|---|---|---|---|
| 001 | L149908 | ||
| 008 | 100517u xxk g 000 0 eng d | ||
| 035 | _a(Sirsi) u149908 | ||
| 041 | 0 | _aeng | |
| 110 | 2 |
_aUnited Kingdom _bMinistry of Justice _95477 |
|
| 245 | 0 | 0 |
_aMortgage and landlord possession statistics (NS) _h[electronic resource] |
| 520 | _aQuarterly national statistics on possession actions issued in county courts by mortgage lenders and social and private landlords in England and Wales. | ||
| 590 | _aKA | ||
| 650 | 2 | 4 | _aMINISTRY FOR JUSTICE |
| 651 | 4 |
_aEngland and Wales _y1543- |
|
| 690 | _aPROPERTY-RESIDENTIAL PROPERTY-DOMESTIC RESIDENTIAL PROPERTY-HOUSING | ||
| 856 | 4 | 0 |
_uhttps://www.justice.gov.uk/mortgatelandlordpossession.htm _z View the website free of charge at www.justice.gov.uk |
| 942 | _n0 | ||
| 999 |
_c120858 _d120858 |
||